Grundwissen Politik: Ministerpräsidenten - Sudden Death - Statistiken

Allgemein
  • Dieses Quiz wurde 815 mal gespielt
    12 seit der letzten Aktualisierung
  • Das Durchschnittsergebnis liegt bei 10 aus 16
Answers on the Grid
Answers color-coded by a green-red scale on the quiz's grid according to % correct below.
Wilfried Kretschmann
Cem Özdemir
Walter Wallmann
Birgit Bas
Olaf Lies
Lars Klingbeil
Thorsten Frei
Horst Köhler
Markus Söder
Kai Wegner
Dietmar Woidke
Andreas Bovenschulte
Peter Tschentscher
Boris Rhein
Frank-Walter Steinmeier
Manuela Schwesig
Stefan Weil
Hendrik Wüst
Alexander Schweitzer
Anke Rehlinger
Michael Kretschmer
Marie-Agnes Strack-Zimmermann
Reiner Haseloff
Daniel Günther
Bodo Ramelow
Nancy Faeser
Mario Voigt
Christine Lamprecht
Otto Rehhagel
Manuela Dreier
Volker Bouffier
Armin Laschet
Hannelore Kraft
Sigmar Gabriel
Franziska Giffey
Ilse Aigner
Gabriele Pauli
Hubert Aiwanger
Jochen Schweitzer
Sven Schulze
Carola Epstein
Simone Fischer
 
Antwortstatistiken
Antwort % Korrekt
CDU - regierender Bürgermeister Berlin Kai Wegner
78%
CDU - Thüringen Mario Voigt
78%
CSU - Bayern Markus Söder
78%
SPD - Erster Bürgermeister Hamburg Peter Tschentscher
78%
CDU - Hessen Boris Rhein
67%
CDU - Schleswig-Holstein Daniel Günther
67%
SPD - Brandenburg Dietmar Woidke
67%
CDU - Nordrhein-Westfahlen Hendrik Wüst
67%
SPD - Mecklenburg-Vorpommern Manuela Schwesig
67%
CDU - Sachsen Michael Kretschmer
67%
SPD - Rheinland-Pfalz Alexander Schweitzer
56%
SPD - Bürgermeister Bremen Andreas Bovenschulte
56%
SPD - Saarland Anke Rehlinger
56%
Grüne - Baden Württemberg Cem Özdemir
56%
SPD - Niedersachsen Olaf Lies
56%
CDU - Sachsen-Anhalt Sven Schulze
56%
Keine übereinstimmenden Quizze gefunden
Verteilung der Resultate
Anzahl Personen mit jedem Resultat
Perzentil nach korrekt beantworteten Fragen
Ihre Resultats-Entwicklung
Sie haben dieses Quiz seit der letzten Aktualisierung nicht gespielt